000 00567nam a2200241Ia 4500
003 OSt
005 20221005130241.0
006 a|||||r|||| 00| 0
007 ta
008 221004b |||||||| |||| 00| 0 tam d
024 _a46189
037 _cTextual
040 _aCRL
_cCRL
_btam
041 _2tam
_atam
082 _aO31,1G25,1, J9
100 _aKambar
_9637796
245 0 _aRamayanam part 1
260 _c1959
300 _a287
_ccm.
650 _aRAMAYANA
942 _hO31,1G25,1, J9
_cTEXL
_2cc
999 _c1056563
_d1056563